Duševné vlastníctvo a jeho súčasná úloha pri stimulácii konkurencieschopnosti slovenských firiem bakalárska práca

Saved in:
Bibliographic Details
Main Author: Sojková, Sofia
Corporate Authors: Národohospodárska fakulta EU. Katedra ekonómie, Univerzita Komenského v Bratislave. Právnická fakulta
Other Authors: Přívara, Andrej, 1983-
Format: Book
Language:Slovak
Published: Bratislava 2023
Tags: Add Tag
No Tags, Be the first to tag this record!

MARC

LEADER 00000nbm a2200000 4500
001 0294571
005 20231204143522.5
041 0 |a slo 
044 |a SK 
245 1 0 |a Duševné vlastníctvo a jeho súčasná úloha pri stimulácii konkurencieschopnosti slovenských firiem  |b bakalárska práca  |c Sofia Sojková ; školiteľ: Andrej Přívara 
264 1 |a Bratislava  |c 2023 
300 |a 47 s. 
100 1 |a Sojková, Sofia 
700 1 |a Přívara, Andrej, 1983- 
710 2 |a Národohospodárska fakulta EU. Katedra ekonómie 
710 2 |a Univerzita Komenského v Bratislave. Právnická fakulta